|
|
|
|
| LEADER |
01002nam a2200277 a 4500 |
| 001 |
693479 |
| 008 |
090726s1911 pau 000 1 eng d |
| 010 |
|
|
|a 96067158
|
| 020 |
|
|
|a 0140620427
|
| 040 |
|
|
|a DLC
|c DLC
|d DLc
|
| 082 |
0 |
0 |
|a 823/.7
|2 21
|
| 100 |
1 |
|
|a Austen, Jane,
|d 1775-1817.
|
| 245 |
1 |
0 |
|a Sense and sensibility /
|c Jane Austen.
|
| 260 |
|
|
|a Philadelphia;
|a ;London :
|b Courage Books;
|b Penguin Books,
|c c1994.
|
| 300 |
|
|
|a 373 p. ;
|c 18 cm.
|
| 490 |
0 |
|
|a Penguin Popular Classics.
|
| 541 |
1 |
|
|e 00011957
|
| 650 |
|
0 |
|a Inheritance and succession
|v Fiction.
|
| 650 |
|
0 |
|a Social classes
|v Fiction.
|
| 650 |
|
0 |
|a Young women
|v Fiction.
|
| 650 |
|
0 |
|a Sisters
|v Fiction.
|
| 651 |
|
0 |
|a England
|v Fiction.
|
| 852 |
4 |
|
|a Ayesha Abed Library
|j General Shelf.
|
| 942 |
0 |
0 |
|0 1
|
| 999 |
|
|
|c 8492
|d 8492
|
| 952 |
|
|
|0 0
|1 0
|2 ddc
|4 0
|6 823_700000000000000_AUS
|7 0
|9 10016
|a BRACUL
|b BRACUL
|c GEN
|d 2010-05-11
|l 29
|m 183
|o 823.7 AUS
|p 3010011957
|q 2026-06-02
|r 2026-05-16
|s 2026-05-16
|t 1
|w 2010-05-11
|y BK
|x Price not available in Register
|